|
|
|
|
| LEADER |
00614cam a2200193 a 4500 |
| 001 |
0000083641 |
| 005 |
20070131090000.0 |
| 040 |
|
|
|a mod
|
| 041 |
|
|
|a eng
|
| 020 |
0 |
0 |
|a 0131149601
|
| 090 |
0 |
0 |
|a 650.14
|b HAN
|e 2005
|
| 100 |
1 |
0 |
|a Hanna
|h Sharon L
|
| 245 |
1 |
0 |
|a Career by design
|b communicating your way to success
|c Sharon L. Hanna
|
| 260 |
0 |
0 |
|a Upper Saddle River
|b Pearson/Prentice Hall
|c 2005
|
| 300 |
0 |
0 |
|a xii, 354 p.
|b ill.
|c 24 cm
|
| 500 |
0 |
0 |
|a Includes bibliographical references and index
|
| 650 |
0 |
0 |
|a Career development
|
| 852 |
0 |
0 |
|a 01
|
| 999 |
|
|
|a 0249808
|b KEMENTAH
|d BOOKS
|e Umum
|f Perpustakaan KEMENTAH
|j AVAILABLE
|q GOOD CONDITION
|